Statistiques concernant Musique par lettre - V

Cliquez ici pour prendre le quiz!

Statistiques générales

  • Ce quiz a été pris 1 230 fois
  • Le résultat moyen est 9 sur 15

Statistiques - réponses

QuestionsRéponses% Correct
Chanteuse française, elle s'est fait connaître en 2006 avec le titre "Confessions Nocturnes" en collaboration avec Diams, elle a fait de nombreux duo avec SlimaneVitaa
94%
Titre de la chanson phare de Desireless, sortie en 1986Voyage Voyage
84%
Titre d'une chanson du groupe Coldplay, Grammy Award de la chanson de l'année 2009, le nom de ce tube est en espagnolViva la Vida
79%
Compositeur de musique et violoniste italien, du XVIIIe siècleVivaldi
78%
Titre d'une chanson de la bande originale du film "Les Choristes", sortie en 2004Vois sur ton chemin
76%
Auteur-compositeur-interprète français, qui collabore régulièrement avec Alain SouchonLaurent Voulzy
75%
Rappeur français, auteur-interprète de "Eurotrap", "Ma meilleure amie", "Désaccordé"...Vald
74%
Titre d'une chanson de Dave, adaptation française de la chanson de Del Shannon "Runaway", prénom fémininVanina
60%
Titre d'une chanson de Jacques Brel, dans laquelle il est accompagné de l'accordéoniste Marcel Azzola, sortie en 1968, nom d'une ville de Haute-SaôneVesoul
54%
Titre d'une chanson du groupe britannique The Zutons, reprise en 2007 par Amy Winehouse et Mark Ronson, c'est aussi un prénom fémininValerie
53%
Titre d'une chanson du ténor italien Andrea Bocelli, reprise en duo en français avec Helene SégaraVivo per lei
49%
Titre d'une chanson des Gipsy Kings, reprise espagnole de la chanson "Nel blu dipinto di blu" de Domenico ModugnoVolare
38%
Rappeur américain, connu pour son single "Ice Ice Baby" sorti en 1990Vanillla Ice
29%
Titre du tube du groupe français Lilicub, sorti en 1996, commençant par : "Faire une virée à deux, Tous les deux sur les chemins..."Voyage en Italie
26%
Groupe de pop-rock britannique, composé de quatre garçons, qui se sont fait connaître avec les titres "Can We Dance", "Somebody to you"...The Vamps
12%

Distribution des résultats

Percentile par nombre de réponses

% des personnes avec chaque résultat

Votre développement - résultats

Vous n’avez pas pris ce quiz